Southville International School and Colleges
Your cart is empty.
  • Cart
  • Lists
    Public lists Eva Luna New books Lux_list list_1
    Your lists Log in to create your own lists
  • Log in to your account
  • Your cookies
  • Search history
Southville International School and Colleges
  • Advanced search
  • Recent comments
  • Most popular
  • Libraries

Log in to your account

Log in with GOOGLE


If you do not have an external account, but do have a local account, you can still log in:

  1. Home
  2. MARC view: Introduction to consumer behavior
Normal view MARC view ISBD view

Introduction to consumer behavior (Record no. 367463)

[ view plain ]
MARC details
000 -LEADER
fixed length control field 00647nam a22002057a 4500
003 - CONTROL NUMBER IDENTIFIER
control field 0
005 - DATE AND TIME OF LATEST TRANSACTION
control field 20250507102215.0
008 - FIXED-LENGTH DATA ELEMENTS--GENERAL INFORMATION
fixed length control field 250507b xxu||||| |||| 00| 0 eng d
020 ## - INTERNATIONAL STANDARD BOOK NUMBER
International Standard Book Number 9789719655909
050 ## - LIBRARY OF CONGRESS CALL NUMBER
Classification number HF 5415.32
Item number .P277 2024
100 ## - MAIN ENTRY--PERSONAL NAME
Personal name Pasahol, Jhon Ven Saint Laqui
245 ## - TITLE STATEMENT
Title Introduction to consumer behavior
Statement of responsibility, etc Jhon Ven Saint Laqui Pasahol
260 ## - PUBLICATION, DISTRIBUTION, ETC. (IMPRINT)
Place of publication, distribution, etc Manila
Name of publisher, distributor, etc Mindshapers Co. Inc.
Date of publication, distribution, etc c2024
300 ## - PHYSICAL DESCRIPTION
Extent vi, 288 pages ;
Dimensions 26cm.
504 ## - BIBLIOGRAPHY, ETC. NOTE
Bibliography, etc Includes bibliographical references.<br/>
650 ## - SUBJECT ADDED ENTRY--TOPICAL TERM
Topical term or geographic name as entry element Consumer behavior.
650 ## - SUBJECT ADDED ENTRY--TOPICAL TERM
Topical term or geographic name as entry element Consumers—Psychology.
650 ## - SUBJECT ADDED ENTRY--TOPICAL TERM
Topical term or geographic name as entry element Marketing—Psychological aspects.
942 ## - ADDED ENTRY ELEMENTS (KOHA)
Source of classification or shelving scheme Library of Congress Classification
Koha item type Books
Holdings
Withdrawn status Lost status Source of classification or shelving scheme Damaged status Home library Current library Shelving location Date acquired Source of acquisition Sub Shelving location Total Checkouts Full call number Barcode Date last seen Price effective from Koha item type
    Library of Congress Classification   College Library College Library Filipiniana Section 05/07/2025 Library Fund     HF 5415.32 .P277 2024 C24501 05/07/2025 05/07/2025 Books
    Library of Congress Classification   College Library College Library Filipiniana Section 05/07/2025 Library Fund     HF 5415.32 .P277 2024 C24500 05/07/2025 05/07/2025 Books
    Library of Congress Classification   College Library College Library Filipiniana Section 05/07/2025 Library Fund     HF 5415.32 .P277 2024 C24499 05/07/2025 05/07/2025 Books

Introduction to consumer behavior

APA

Pasahol J. V. S. L., . (2024). Introduction to consumer behavior. Manila: Mindshapers Co. Inc.

Chicago

Pasahol Jhon Ven Saint Laqui, . 2024. Introduction to consumer behavior. Manila: Mindshapers Co. Inc.

Harvard

Pasahol J. V. S. L., . (2024). Introduction to consumer behavior. Manila: Mindshapers Co. Inc.

MLA

Pasahol Jhon Ven Saint Laqui, . Introduction to consumer behavior. Manila: Mindshapers Co. Inc. 2024.

  • Place hold
  • Print
  • Cite
  • Add to your cart (remove)
  • Save record
    BIBTEX Dublin Core MARCXML MARC (non-Unicode/MARC-8) MARC (Unicode/UTF-8) MARC (Unicode/UTF-8, Standard) MODS (XML) RIS
  • More searches
    Search for this title in:
    Other Libraries (WorldCat) Other Databases (Google Scholar) Online Stores (Bookfinder.com) Open Library (openlibrary.org)

Exporting to Dublin Core...

SOUTHVILLE LIBRARY

Southville International School and Colleges Library

1281 Tropical Ave. Cor. Luxembourg St., BF Homes International, Las Pinas City

Tel. No. 8256374 / 252358 Loc. 117/146

Powered by Koha